Quick Pick: Ring in the New Year Quiz Stats

 Plays Quiz Updated Nov 1, 2021

     
Support Sporcle.
Go Orange.
Score 0/15 Timer 02:00
3 Plays Today
% Correct
New Year's Eve
94.8%
New Testament
94.3%
New Coke
94.2%
New Moon
94.2%
New York Times
93.9%
New Girl
92.7%
New Delhi
92.7%
New Balance
92.2%
% Correct
New Zealand
91%
New Deal
90.3%
New England
90%
New Orleans
89.5%
New Brunswick
87.6%
New Jersey
84.4%
New Amsterdam
81.6%

Today's Daily Dose

From the Vault

Green the Grid Blitz: Music

by jrage2009

Music 45s
No red or blue grids for us, thank you very much.
Remove Ads.
Support Sporcle.
Get the best of Sporcle when you Go Orange. This ad-free experience offers more features, more stats, and more fun while also helping to support Sporcle. Thank you for becoming a member.

Show Comments

Extras

Top Quizzes Today


Score Distribution

Your Account Isn't Verified!

In order to create a playlist on Sporcle, you need to verify the email address you used during registration. Go to your Sporcle Settings to finish the process.

Report this User

Report this user for behavior that violates our Community Guidelines.

Details: